| 000 | 00706nam a2200265Ia 4500 | ||
|---|---|---|---|
| 001 | 4458 | ||
| 005 | 20240113233738.0 | ||
| 007 | ta | ||
| 008 | 050613s1998 a g b000 u hin u | ||
| 020 | _cHB | ||
| 040 | _aCotton College,Assam | ||
| 041 | _ahin | ||
| 082 |
_a891.43309 _bVe 58 Hi |
||
| 100 | _aVerma, Dhananjaya . | ||
| 245 | 0 |
_aHindi Kahanika Rachanashastra / _cDhananjaya Verma. _hTextual Documents |
|
| 250 | _a1st ed. / | ||
| 260 |
_aNew Delhi : _bPrabin Prakasan , _c1998. |
||
| 300 |
_a271p. : _bill. ; _c21cm . |
||
| 653 | _aHindi Short Stories | ||
| 653 | _aShort Stories-Hindi | ||
| 653 | _aGen-Hindi | ||
| 942 |
_2ddc _cBK |
||
| 999 |
_c4445 _d4445 |
||